[Event "Oberliga Ost-B 1920"]
[Site "Germany"]
[Date "2020.01.18"]
[Round "6.6"]
[White "Heinke, Jasper"]
[Black "Zeidler, Andreas"]
[Result "0-1"]
[WhiteElo "2039"]
[BlackElo "2160"]
[PlyCount "158"]
[EventDate "2019.09.29"]
[EventType "team-tourn"]
[EventRounds "11"]
[EventCountry "GER"]
[SourceTitle "EXT 2021"]
[Source "ChessBase"]
[SourceDate "2020.10.23"]
[SourceVersion "1"]
[SourceVersionDate "2020.10.23"]
[SourceQuality "1"]
[WhiteTeam "Erfurt Empor"]
[BlackTeam "Liebschwitz"]
[WhiteTeamCountry "GER"]
[BlackTeamCountry "GER"]

1. e4 d6 2. d4 g6 3. c4 Bg7 4. Be2 Nc6 5. Be3 e5 6. d5 Nce7 7. Nc3 f5 8. f3 Nf6 9. Bd3 0-0 10. Nge2 f4 11. Bf2 g5 12. c5 Ng6 13. a4 Rf7 14. cxd6 cxd6 15. a5 a6 16. b4 Bf8 17. Na4 g4 18. Nb6 Rb8 19. Rc1 gxf3 20. gxf3 Bh3 21. Rg1 Rg7 22. Nc3 Ne8 23. Bf1 Bxf1 24. Kxf1 Be7 25. Rg2 Bh4 26. Bg1 Bf6 27. Ke2 Qe7 28. Qf1 Nc7 29. Kd1 Kh8 30. Rg4 Rbg8 31. Qh3 Nh4 32. Rxg7 Qxg7 33. Ne2 Nb5 34. Rc8 Rxc8 35. Qxc8+ Qg8 36. Qxb7 Nxf3 37. Qxa6 Nc3+ 38. Kc2 Nxe2 39. Qxe2 Nxg1 40. Qf2 Qg6 41. Kd3 Nh3 42. Qc2 Ng5 43. Kc4 Bd8 44. Kb5 f3 45. a6 Qf7 46. Qc8 Qe8+ 47. Qc6 Qxc6+ 48. Kxc6 f2 49. a7 f1Q 50. a8Q Qc1+ 51. Kb5 Qc7 52. Qc6 Nxe4 53. Nc4 Kg7 54. Qxc7+ Bxc7 55. Kc6 Bd8 56. b5 Kf7 57. b6 Bxb6 58. Nxb6 Ke7 59. Nc8+ Kd8 60. Nb6 h6 61. Nc4 Ke7 62. Ne3 Kf6 63. Kd7 Kg5 64. Ke6 Kf4 65. Nc4 h5 66. Nxd6 Nxd6 67. Kxd6 e4 68. Kc7 e3 69. d6 e2 70. d7 e1Q 71. d8Q Qa5+ 72. Kd7 Qxd8+ 73. Kxd8 h4 74. Ke7 h3 75. Kf6 Kf3 76. Kg5 Kg2 77. Kf4 Kxh2 78. Kf3 Kg1 79. Kg3 h2 0-1

[Event "GER CupT 1718 Round2 (1)"]
[Site "Gera"]
[Date "2018.03.03"]
[Round "1.1"]
[White "Zeidler, Andreas"]
[Black "Bluebaum, Matthias"]
[Result "0-1"]
[WhiteElo "2169"]
[BlackElo "2635"]
[PlyCount "108"]
[EventDate "2018.03.03"]
[EventType "team-k.o."]
[EventRounds "2"]
[EventCountry "GER"]
[SourceTitle "CBM 183 Extra"]
[Source "ChessBase"]
[SourceDate "2018.04.19"]
[SourceVersion "1"]
[SourceVersionDate "2018.04.19"]
[SourceQuality "1"]
[WhiteTeam "Liebschwitz"]
[BlackTeam "Deizisau"]
[WhiteTeamCountry "GER"]
[BlackTeamCountry "GER"]

1. d4 Nf6 2. c4 e6 3. Nf3 d5 4. Nc3 Bb4 5. a3 Bxc3+ 6. bxc3 0-0 7. Bg5 Nbd7 8. e3 c5 9. cxd5 exd5 10. Bd3 c4 11. Bf5 Qa5 12. Qc2 Ne4 13. Be7 Re8 14. Bb4 Qc7 15. a4 a5 16. Ba3 Ra6 17. Rb1 Nb6 18. Bxc8 Qxc8 19. Bb2 Qc6 20. Ra1 Nd7 21. 0-0 Rb6 22. Ra3 Qg6 23. Rb1 Ree6 24. Ne1 Qg5 25. Bc1 Rxb1 26. Qxb1 Rb6 27. Qc2 Qh4 28. Nf3 Qh5 29. h3 Qg6 30. Nd2 Nxd2 31. Qxg6 Nf3+ 32. gxf3 hxg6 33. Ra1 Rb3 34. Bd2 Rb2 35. Be1 f5 36. Kg2 Nf6 37. Kg3 g5 38. h4 f4+ 39. exf4 Nh5+ 40. Kg4 gxh4 41. Kxh4 Nxf4 42. Kg3 Nd3 43. Kg2 Kf7 44. Kf1 Ke6 45. Rd1 Ra2 46. Rb1 Kd6 47. f4 Rb2 48. Rd1 Ke6 49. Bd2 Ra2 50. Be3 Ra3 51. Ke2 Rxc3 52. Bd2 Rc2 53. Rg1 Kf6 54. Rg4 Nxf2 0-1

[Event "Oberliga Ost-B 1516"]
[Site "Germany"]
[Date "2015.10.11"]
[Round "3.1"]
[White "Zeidler, Andreas"]
[Black "Geske, Julian"]
[Result "0-1"]
[WhiteElo "2198"]
[BlackElo "2398"]
[PlyCount "94"]
[EventDate "2015.09.20"]
[EventType "team-tourn"]
[EventRounds "11"]
[EventCountry "GER"]
[SourceTitle "EXT 2017"]
[Source "ChessBase"]
[SourceDate "2016.10.25"]
[SourceVersion "1"]
[SourceVersionDate "2016.10.25"]
[SourceQuality "1"]
[WhiteTeam "Liebschwitz"]
[BlackTeam "Wiesbaden"]
[WhiteTeamCountry "GER"]
[BlackTeamCountry "GER"]

1. d4 d5 2. c4 dxc4 3. e3 Be6 4. Qc2 Nf6 5. Bxc4 Bxc4 6. Qxc4 Nbd7 7. Nf3 e6 8. 0-0 Be7 9. Nc3 0-0 10. e4 c5 11. Rd1 cxd4 12. Nxd4 Rc8 13. Qe2 Qc7 14. Be3 a6 15. Rac1 Qb8 16. f4 Rfd8 17. e5 Ne8 18. Ne4 Nc5 19. Bf2 Nxe4 20. Qxe4 Rxc1 21. Rxc1 Rc8 22. Rc2 Rxc2 23. Qxc2 Nc7 24. f5 Bf8 25. g4 Qd8 26. Qc4 Qd7 27. Kg2 Nd5 28. Kf3 Be7 29. Ke4 Nc7 30. Be1 exf5+ 31. gxf5 g6 32. Qxf7+ Kxf7 33. e6+ Nxe6 34. fxe6+ Qxe6+ 35. Nxe6 Kxe6 36. a4 h5 37. h3 g5 38. b3 Bd6 39. Bf2 g4 40. hxg4 hxg4 41. Bg1 Bg3 42. b4 Be1 43. b5 a5 44. Kf4 g3 45. Kf3 Kd5 46. Ke2 Bb4 47. Kf3 Bc5 0-1

[Event "Oberliga Ost-B 1314"]
[Site "Germany"]
[Date "2014.03.16"]
[Round "9.2"]
[White "Dubiel, Jacek"]
[Black "Zeidler, Andreas"]
[Result "1-0"]
[WhiteElo "2413"]
[BlackElo "2204"]
[PlyCount "135"]
[EventDate "2013.10.13"]
[EventType "team-tourn"]
[EventRounds "11"]
[EventCountry "GER"]
[SourceTitle "EXT 2015"]
[Source "ChessBase"]
[SourceDate "2014.11.20"]
[SourceVersion "1"]
[SourceVersionDate "2014.11.20"]
[SourceQuality "1"]
[WhiteTeam "Oberursel"]
[BlackTeam "Liebschwitz"]
[WhiteTeamCountry "GER"]
[BlackTeamCountry "GER"]

1. e4 e5 2. Nf3 Nc6 3. Bc4 Bc5 4. b4 Bxb4 5. c3 Be7 6. d4 Nf6 7. dxe5 Ng4 8. Qd5 0-0 9. h3 Nh6 10. 0-0 b6 11. Rd1 Rb8 12. Be2 Kh8 13. Bxh6 gxh6 14. Nbd2 Bc5 15. Nb3 Qe7 16. Bb5 Bb7 17. Nxc5 bxc5 18. Qxd7 Rfd8 19. Qxe7 Nxe7 20. Rxd8+ Rxd8 21. Re1 Ng6 22. Bc4 Kg7 23. e6 fxe6 24. Bxe6 Rd3 25. c4 Rc3 26. Bd5 Ba6 27. Rb1 Kf6 28. Rb3 Rc1+ 29. Kh2 Bxc4 30. Ra3 Bxd5 31. exd5 Ke7 32. Ra6 Nf4 33. Rxa7 Nxd5 34. Ra6 Nb6 35. a4 Ra1 36. a5 Nd5 37. Rxh6 Rxa5 38. Rxh7+ Kd6 39. Rh6+ Ke7 40. Rc6 Kd8 41. Ne5 Nb4 42. Rg6 Ra2 43. f4 Nd5 44. f5 Re2 45. f6 Rxe5 46. Rg8+ Kd7 47. f7 Rf5 48. f8Q Rxf8 49. Rxf8 c4 50. h4 Ke6 51. Rf1 c3 52. g4 Ke5 53. Kg3 Ke4 54. h5 c2 55. Rc1 Kd3 56. h6 Ne7 57. h7 Ng6 58. g5 c5 59. Kg4 Kd2 60. Rxc2+ Kxc2 61. Kf5 Nh8 62. g6 Nxg6 63. Kxg6 c4 64. h8Q c3 65. Kf5 Kd2 66. Ke4 c2 67. Qb2 Kd1 68. Kd3 1-0

[Event "Oberliga Ost-A 0607"]
[Site "Germany"]
[Date "2007.04.21"]
[Round "10.2"]
[White "Zeidler, Andreas"]
[Black "Hoepfl, Thomas"]
[Result "1/2-1/2"]
[WhiteElo "2197"]
[BlackElo "2331"]
[PlyCount "39"]
[EventDate "2006.10.15"]
[EventType "team-tourn"]
[EventRounds "11"]
[EventCountry "GER"]
[SourceTitle "EXT 2008"]
[Source "ChessBase"]
[SourceDate "2007.11.25"]
[SourceVersion "1"]
[SourceVersionDate "2007.11.25"]
[SourceQuality "1"]
[WhiteTeam "Liebschwitz"]
[BlackTeam "Halle USV"]
[WhiteTeamCountry "GER"]
[BlackTeamCountry "GER"]

1. Nf3 Nf6 2. d4 e6 3. g3 d5 4. Bg2 Be7 5. 0-0 0-0 6. c4 c6 7. Nbd2 b6 8. Qc2 Ba6 9. Re1 Nbd7 10. a3 Rc8 11. b4 dxc4 12. Nxc4 c5 13. dxc5 bxc5 14. Nce5 Nxe5 15. Nxe5 Qb6 16. Be3 Qd6 17. Qb2 Nd7 18. Nxd7 Qxd7 19. Rab1 Rfd8 20. bxc5 1/2-1/2

[Event "Oberliga Ost-A 0607"]
[Site "Germany"]
[Date "2007.02.24"]
[Round "6.2"]
[White "Womacka, Mathias"]
[Black "Zeidler, Andreas"]
[Result "1/2-1/2"]
[WhiteElo "2423"]
[BlackElo "2197"]
[PlyCount "80"]
[EventDate "2006.10.15"]
[EventType "team-tourn"]
[EventRounds "11"]
[EventCountry "GER"]
[SourceTitle "EXT 2008"]
[Source "ChessBase"]
[SourceDate "2007.11.25"]
[SourceVersion "1"]
[SourceVersionDate "2007.11.25"]
[SourceQuality "1"]
[WhiteTeam "Chemnitz"]
[BlackTeam "Liebschwitz"]
[WhiteTeamCountry "GER"]
[BlackTeamCountry "GER"]

1. e4 d5 2. exd5 Nf6 3. d4 Nxd5 4. Nf3 Bg4 5. h3 Bh5 6. g4 Bg6 7. Ne5 e6 8. Bg2 c6 9. h4 f6 10. Nxg6 hxg6 11. c4 Bb4+ 12. Kf1 Ne7 13. Qb3 Ba5 14. Be3 Nd7 15. Nc3 Bxc3 16. bxc3 Qc7 17. Rb1 b6 18. Re1 Kf7 19. d5 e5 20. Rd1 cxd5 21. cxd5 Qd6 22. Qb4 Nc8 23. Be4 Qxb4 24. cxb4 Nd6 25. Bd3 a5 26. Bd2 a4 27. Rc1 Rac8 28. Rc6 Ke7 29. Bxg6 Rxc6 30. dxc6 Nb8 31. c7 Na6 32. Be3 Nc4 33. Ke2 Nxe3 34. Kxe3 Nxc7 35. Be4 Ne6 36. h5 Rc8 37. Rd1 Rc3+ 38. Rd3 Rc1 39. Rd2 Rc3+ 40. Rd3 Rc1 1/2-1/2

[Event "Oberliga Ost-A 0607"]
[Site "Germany"]
[Date "2007.02.04"]
[Round "5.2"]
[White "Andre, Gordon"]
[Black "Zeidler, Andreas"]
[Result "1-0"]
[WhiteElo "2321"]
[BlackElo "2197"]
[PlyCount "117"]
[EventDate "2006.10.15"]
[EventType "team-tourn"]
[EventRounds "11"]
[EventCountry "GER"]
[SourceTitle "EXT 2008"]
[Source "ChessBase"]
[SourceDate "2007.11.25"]
[SourceVersion "1"]
[SourceVersionDate "2007.11.25"]
[SourceQuality "1"]
[WhiteTeam "Magdeburg Aufbau Elbe"]
[BlackTeam "Liebschwitz"]
[WhiteTeamCountry "GER"]
[BlackTeamCountry "GER"]

1. c4 Nf6 2. Nc3 c5 3. Nf3 Nc6 4. d4 cxd4 5. Nxd4 g6 6. g3 Bg7 7. Nc2 0-0 8. Bg2 Ne5 9. b3 d6 10. 0-0 Rb8 11. Bb2 Bd7 12. h3 Qc8 13. Kh2 Bc6 14. e4 b5 15. f4 Ned7 16. Nb4 Ba8 17. cxb5 Re8 18. Nc6 Bxc6 19. bxc6 Nb6 20. e5 dxe5 21. fxe5 Nh5 22. Ne4 Nc4 23. Bc3 Nxe5 24. Rc1 Qc7 25. Qe2 h6 26. b4 Rbd8 27. b5 e6 28. Rcd1 f5 29. Nd6 Nxg3 30. Kxg3 Rxd6 31. Kf2 Ng4+ 32. hxg4 Bxc3 33. Qc4 Bf6 34. gxf5 gxf5 35. Qf4 Red8 36. Rxd6 Qxd6 37. Qxd6 Rxd6 38. c7 Rd2+ 39. Ke1 Bc3 40. Rf3 Ba5 41. Ra3 Rd7+ 42. Rxa5 Rxc7 43. Ra3 Kg7 44. Bc6 Kf6 45. Rc3 Rg7 46. Kf2 Rg4 47. Ra3 Rg7 48. Rh3 Rh7 49. a4 Ke5 50. Rd3 Rg7 51. Rd7 Rxd7 52. Bxd7 Kd6 53. Bc8 f4 54. a5 e5 55. b6 a6 56. Bxa6 Kc6 57. Bd3 Kb7 58. Be4+ Ka6 59. Kf3 1-0

[Event "Oberliga Ost-A 0607"]
[Site "Germany"]
[Date "2006.11.19"]
[Round "3.2"]
[White "Zeidler, Andreas"]
[Black "Liedtke, Matthias"]
[Result "1/2-1/2"]
[WhiteElo "2197"]
[BlackElo "2352"]
[PlyCount "30"]
[EventDate "2006.10.15"]
[EventType "team-tourn"]
[EventRounds "11"]
[EventCountry "GER"]
[SourceTitle "EXT 2008"]
[Source "ChessBase"]
[SourceDate "2007.11.25"]
[SourceVersion "1"]
[SourceVersionDate "2007.11.25"]
[SourceQuality "1"]
[WhiteTeam "Liebschwitz"]
[BlackTeam "Leipzig Gohlis II"]
[WhiteTeamCountry "GER"]
[BlackTeamCountry "GER"]

1. d4 Nf6 2. Nf3 g6 3. g3 Bg7 4. Bg2 0-0 5. 0-0 d6 6. c4 Nc6 7. Nc3 Rb8 8. b3 a6 9. a4 Bf5 10. Bb2 Ne4 11. Nxe4 Bxe4 12. e3 b5 13. axb5 axb5 14. Bc3 b4 15. Bb2 Ra8 1/2-1/2

[Event "Oberliga Ost-A 0506"]
[Site "Germany"]
[Date "2006.04.02"]
[Round "11.2"]
[White "Limpert, Michael"]
[Black "Zeidler, Andreas"]
[Result "1/2-1/2"]
[WhiteElo "2190"]
[BlackElo "2205"]
[PlyCount "21"]
[EventDate "2005.11.13"]
[EventType "team-tourn"]
[EventRounds "11"]
[EventCountry "GER"]
[SourceTitle "EXT 2007"]
[Source "ChessBase"]
[SourceDate "2006.11.23"]
[SourceVersion "1"]
[SourceVersionDate "2006.11.23"]
[SourceQuality "1"]
[WhiteTeam "Leipzig Lok Mitte II"]
[BlackTeam "Liebschwitz"]
[WhiteTeamCountry "GER"]
[BlackTeamCountry "GER"]

1. f4 c5 2. Nf3 Nc6 3. e4 d6 4. Bb5 Bd7 5. 0-0 a6 6. Bxc6 Bxc6 7. Qe2 e6 8. c3 g6 9. d4 cxd4 10. cxd4 Bb5 11. Qf2 1/2-1/2

[Event "Oberliga Ost-A 0506"]
[Site "Germany"]
[Date "2006.01.28"]
[Round "6.1"]
[White "Malich, Burkhard"]
[Black "Zeidler, Andreas"]
[Result "1-0"]
[WhiteElo "2371"]
[BlackElo "2205"]
[PlyCount "83"]
[EventDate "2005.11.13"]
[EventType "team-tourn"]
[EventRounds "11"]
[EventCountry "GER"]
[SourceTitle "EXT 2007"]
[Source "ChessBase"]
[SourceDate "2006.11.23"]
[SourceVersion "1"]
[SourceVersionDate "2006.11.23"]
[SourceQuality "1"]
[WhiteTeam "Naumburg"]
[BlackTeam "Liebschwitz"]
[WhiteTeamCountry "GER"]
[BlackTeamCountry "GER"]

1. d4 d5 2. Nf3 Nf6 3. c4 c6 4. e3 e6 5. Bd3 Be7 6. 0-0 0-0 7. Nbd2 Nbd7 8. e4 dxe4 9. Nxe4 Nxe4 10. Bxe4 Nf6 11. Bc2 c5 12. Qd3 cxd4 13. Bg5 g6 14. Rad1 b6 15. Nxd4 Bb7 16. Bh6 Qc7 17. Bxf8 Bxf8 18. b3 a6 19. Qh3 Re8 20. Ne2 Nh5 21. Kh1 Qe5 22. Qe3 Qc7 23. Be4 Bc5 24. Qd3 Bxe4 25. Qxe4 a5 26. Qf3 e5 27. Nc3 f5 28. Qd5+ Kg7 29. Nb5 Qe7 30. Qc6 Rd8 31. g3 Kh6 32. Rxd8 Qxd8 33. Qd5 Qe7 34. Qd2+ Kg7 35. Nc3 Nf6 36. Kg2 Qb7+ 37. Nd5 Bd4 38. f3 Nxd5 39. cxd5 Qxd5 40. Rc1 e4 41. Rc4 exf3+ 42. Kf1 1-0

[Event "Oberliga Ost-A 0506"]
[Site "Germany"]
[Date "2006.01.15"]
[Round "5.2"]
[White "Hollstein, Frank"]
[Black "Zeidler, Andreas"]
[Result "0-1"]
[WhiteElo "2201"]
[BlackElo "2205"]
[PlyCount "80"]
[EventDate "2005.11.13"]
[EventType "team-tourn"]
[EventRounds "11"]
[EventCountry "GER"]
[SourceTitle "EXT 2007"]
[Source "ChessBase"]
[SourceDate "2006.11.23"]
[SourceVersion "1"]
[SourceVersionDate "2006.11.23"]
[SourceQuality "1"]
[WhiteTeam "Ebersbach"]
[BlackTeam "Liebschwitz"]
[WhiteTeamCountry "GER"]
[BlackTeamCountry "GER"]

1. e4 d5 2. exd5 Qxd5 3. Nc3 Qd6 4. d4 Nf6 5. Be2 a6 6. Bf3 e5 7. dxe5 Qxe5+ 8. Nge2 Bb4 9. 0-0 0-0 10. Bf4 Qe7 11. Nd5 Nxd5 12. Qxd5 Nc6 13. c3 Be6 14. Qe4 Bc5 15. b4 Bb6 16. Rfe1 Qf6 17. Bg3 Bf5 18. Qf4 g5 19. Qc4 Be6 20. Qe4 Rad8 21. Red1 Bxa2 22. c4 Bb3 23. Rdc1 Nd4 24. Nxd4 Bxd4 25. Ra5 b5 26. cxb5 Rfe8 27. Qb1 Bb2 28. bxa6 Bxc1 29. Qxc1 Rd1+ 30. Qxd1 Bxd1 31. h4 Bxf3 32. gxf3 Qxf3 33. Rxg5+ Kf8 34. Re5 Rxe5 35. Bxe5 Qg4+ 36. Bg3 Qxb4 37. Bxc7 Qa4 38. Bd6+ Ke8 39. Bc5 Qxa6 40. Be3 Qg6+ 0-1

[Event "Oberliga Ost-A 0304"]
[Site "Germany"]
[Date "2004.04.24"]
[Round "10.7"]
[White "Zeidler, Andreas"]
[Black "Tydecks, Hermann"]
[Result "1/2-1/2"]
[WhiteElo "2193"]
[BlackElo "2165"]
[PlyCount "126"]
[EventDate "2003.11.02"]
[EventType "team-tourn"]
[EventRounds "11"]
[EventCountry "GER"]
[SourceTitle "EXT 2005"]
[Source "ChessBase"]
[SourceDate "2004.11.15"]
[SourceVersion "1"]
[SourceVersionDate "2004.11.15"]
[SourceQuality "1"]
[WhiteTeam "Liebschwitz"]
[BlackTeam "Dresden SC II"]
[WhiteTeamCountry "GER"]
[BlackTeamCountry "GER"]

1. d4 Nf6 2. Nf3 d6 3. g3 Nbd7 4. Bg2 c6 5. 0-0 e5 6. c4 Qc7 7. b3 Be7 8. Ba3 exd4 9. Qxd4 Nc5 10. Nc3 0-0 11. e4 Ng4 12. Rad1 Rd8 13. Rfe1 Be6 14. Qd2 Ne5 15. Nd4 Bg4 16. f3 Bh5 17. Qe3 h6 18. Nf5 Bg5 19. Qe2 Qa5 20. Bb2 Ne6 21. Qf2 Qc7 22. h3 Nc5 23. Qf1 Bf6 24. Rd2 Bg6 25. Nd4 Qb6 26. Kh2 Ned3 27. Rxd3 Nxd3 28. Na4 Qa5 29. Bc3 Qxc3 30. Nxc3 Nxe1 31. Qxe1 Bxd4 32. Qd2 Bxc3 33. Qxc3 Rd7 34. Qd4 a6 35. f4 f6 36. h4 Rad8 37. g4 Bf7 38. g5 hxg5 39. hxg5 fxg5 40. f5 c5 41. Qe3 Re8 42. Qxg5 Re5 43. Qg4 b5 44. Bf1 bxc4 45. f6 Be8 46. Bxc4+ Kf8 47. f7 Rxf7 48. Bxf7 Kxf7 49. Qc8 Bb5 50. a4 Be8 51. Qxa6 Ke6 52. Qc8+ Bd7 53. Qg8+ Kf6 54. Qf8+ Ke6 55. Qxg7 Rxe4 56. Kg3 Bxa4 57. bxa4 Rxa4 58. Qg6+ Kd7 59. Qf7+ Kd8 60. Kf3 Rd4 61. Ke3 Rb4 62. Kd3 Rd4+ 63. Kc3 Rb4 1/2-1/2

[Event "Oberliga Ost-A 0304"]
[Site "Germany"]
[Date "2003.11.23"]
[Round "3.7"]
[White "Zeidler, Andreas"]
[Black "Goergens, Michael"]
[Result "1-0"]
[WhiteElo "2193"]
[BlackElo "2119"]
[PlyCount "157"]
[EventDate "2003.11.02"]
[EventType "team-tourn"]
[EventRounds "11"]
[EventCountry "GER"]
[SourceTitle "EXT 2005"]
[Source "ChessBase"]
[SourceDate "2004.11.15"]
[SourceVersion "1"]
[SourceVersionDate "2004.11.15"]
[SourceQuality "1"]
[WhiteTeam "Liebschwitz"]
[BlackTeam "Magdeburg Aufbau Elbe"]
[WhiteTeamCountry "GER"]
[BlackTeamCountry "GER"]

1. d4 d5 2. Nf3 Nf6 3. c4 e6 4. Bg5 Be7 5. e3 0-0 6. Nc3 Nbd7 7. Qc2 h6 8. Bh4 dxc4 9. Bxc4 Nb6 10. Bd3 Nfd5 11. Bxe7 Qxe7 12. a3 Bd7 13. 0-0 Rfc8 14. Rfc1 a6 15. Ne4 Bb5 16. Nc5 Bxd3 17. Qxd3 Ra7 18. Rc2 Nd7 19. b4 N5f6 20. Rac1 Nxc5 21. bxc5 Rb8 22. Rb2 b5 23. Ne5 Qe8 24. c6 Raa8 25. e4 Qe7 26. f3 Rd8 27. Qc3 Rab8 28. Rd1 Rb6 29. Qb4 Qd6 30. Rc2 Rbb8 31. Kf2 Ra8 32. g3 Kf8 33. Rd3 Ke8 34. Qa5 Rdb8 35. Rb2 Rb6 36. a4 Rab8 37. Ke3 Qe7 38. Rdb3 b4 39. Kd3 g6 40. Kc4 Qd6 41. Qc5 a5 42. Qxa5 Rxc6+ 43. Nxc6 Qxc6+ 44. Kd3 Qc1 45. Rd2 Nd7 46. Rbb2 c5 47. dxc5 Nxc5+ 48. Ke2 Qc4+ 49. Kf2 Nd3+ 50. Rxd3 Qxd3 51. Qe5 Rb7 52. g4 b3 53. Qc5 Kd7 54. Qe3 Qc4 55. a5 g5 56. e5 Kc7 57. Kg3 Kb8 58. h4 Rb5 59. hxg5 hxg5 60. a6 Qd5 61. Qxg5 Ka7 62. Qe3+ Kxa6 63. f4 Ka5 64. Qc3+ Rb4 65. Rb1 Kb5 66. Kh4 Qd8+ 67. Kg3 Qd5 68. Kh4 Qc4 69. Qe3 b2 70. Qd2 Qb3 71. Kg5 Ka4 72. f5 exf5 73. gxf5 Ka3 74. Kf6 Qf3 75. Qxb4+ Kxb4 76. Rxb2+ Kc3 77. Rb6 Kd4 78. e6 fxe6 79. Rxe6 1-0

[Event "Oberliga Ost-A 0304"]
[Site "Germany"]
[Date "2003.11.22"]
[Round "2.7"]
[White "Kuna, Ralf Michael"]
[Black "Zeidler, Andreas"]
[Result "0-1"]
[WhiteElo "2157"]
[BlackElo "2193"]
[PlyCount "38"]
[EventDate "2003.11.02"]
[EventType "team-tourn"]
[EventRounds "11"]
[EventCountry "GER"]
[SourceTitle "EXT 2005"]
[Source "ChessBase"]
[SourceDate "2004.11.15"]
[SourceVersion "1"]
[SourceVersionDate "2004.11.15"]
[SourceQuality "1"]
[WhiteTeam "Magdeburg Rochade"]
[BlackTeam "Liebschwitz"]
[WhiteTeamCountry "GER"]
[BlackTeamCountry "GER"]

1. e4 d5 2. exd5 Qxd5 3. Nc3 Qd8 4. Bc4 g6 5. Qf3 Nf6 6. Ne4 Bg7 7. c3 0-0 8. Nxf6+ Bxf6 9. d4 e5 10. Bh6 Re8 11. d5 e4 12. Qe3 Nd7 13. 0-0-0 Ne5 14. Be2 Bf5 15. Qd2 Nd3+ 16. Bxd3 exd3 17. c4 b5 18. f3 bxc4 19. g4 Rb8 0-1

[Event "Oberliga Ost-A 0203"]
[Site "Germany"]
[Date "2003.02.09"]
[Round "7.6"]
[White "Just, Wolfgang"]
[Black "Zeidler, Andreas"]
[Result "0-1"]
[WhiteElo "2222"]
[BlackElo "2135"]
[PlyCount "58"]
[EventDate "2002.10.20"]
[EventType "team"]
[EventRounds "11"]
[EventCountry "GER"]
[SourceTitle "EXT 2004"]
[Source "ChessBase"]
[SourceDate "2003.11.25"]
[SourceVersion "1"]
[SourceVersionDate "2003.11.25"]
[SourceQuality "1"]
[WhiteTeam "Leipzig Lok II"]
[BlackTeam "Liebschwitz"]
[WhiteTeamCountry "GER"]
[BlackTeamCountry "GER"]

1. f4 f5 2. Nf3 Nf6 3. b3 b6 4. Bb2 e6 5. e3 Bb7 6. Nc3 Be7 7. Bc4 0-0 8. Qe2 d5 9. Bd3 a6 10. 0-0-0 c5 11. Ng5 Qd7 12. Qf2 b5 13. Be2 Nc6 14. d4 c4 15. bxc4 dxc4 16. Rhg1 h6 17. Nxe6 Qxe6 18. d5 Qf7 19. dxc6 Bxc6 20. g4 fxg4 21. Bxg4 b4 22. Qg3 Nxg4 23. Qxg4 bxc3 24. Bxc3 Bf6 25. Bxf6 Qxf6 26. Rd6 Qc3 27. Rg3 Ba4 28. Qe6+ Rf7 29. Qg6 Bxc2 0-1

[Event "Oberliga Ost-A 0203"]
[Site "Germany"]
[Date "2002.12.15"]
[Round "4.7"]
[White "Ruemmler, Roland"]
[Black "Zeidler, Andreas"]
[Result "1/2-1/2"]
[WhiteElo "2102"]
[BlackElo "2135"]
[PlyCount "100"]
[EventDate "2002.10.20"]
[EventType "team"]
[EventRounds "11"]
[EventCountry "GER"]
[SourceTitle "EXT 2004"]
[Source "ChessBase"]
[SourceDate "2003.11.25"]
[SourceVersion "1"]
[SourceVersionDate "2003.11.25"]
[SourceQuality "1"]
[WhiteTeam "Naumburg"]
[BlackTeam "Liebschwitz"]
[WhiteTeamCountry "GER"]
[BlackTeamCountry "GER"]

1. d4 d5 2. Nf3 Nf6 3. g3 Bf5 4. Bg2 e6 5. 0-0 Bd6 6. c4 c6 7. Nc3 0-0 8. Re1 Nbd7 9. Nd2 Rc8 10. e4 dxe4 11. Ndxe4 Bb4 12. a3 Be7 13. Bf4 Nxe4 14. Nxe4 Nf6 15. Nc3 Bd6 16. Be5 Ng4 17. Bxd6 Qxd6 18. Ne4 Bxe4 19. Rxe4 Nf6 20. Re2 Rfd8 21. Rd2 e5 22. d5 e4 23. Qe2 cxd5 24. cxd5 Rc5 25. Rad1 g6 26. Qe3 b6 27. h3 Re8 28. b4 Rc7 29. Rd4 a5 30. bxa5 bxa5 31. Kh2 h5 32. Qf4 Rd7 33. Qxd6 Rxd6 34. Ra4 Rxd5 35. Rxd5 Nxd5 36. Rxa5 Nc3 37. Rc5 Nd1 38. Kg1 f5 39. a4 Nb2 40. a5 Nd3 41. Rb5 Rc8 42. Bf1 Rc1 43. Kg2 Ne1+ 44. Kg1 Nf3+ 45. Kg2 Kg7 46. a6 Ra1 47. Rb7+ Kh6 48. h4 Ne1+ 49. Kh2 Nf3+ 50. Kg2 Ne1+ 1/2-1/2

[Event "Oberliga Ost-A 0102"]
[Site "Germany"]
[Date "2002.04.13"]
[Round "10.7"]
[White "Offinger, Robert"]
[Black "Zeidler, Andreas"]
[Result "1/2-1/2"]
[WhiteElo "2164"]
[BlackElo "2081"]
[PlyCount "65"]
[EventDate "2001.10.07"]
[EventType "team"]
[EventRounds "11"]
[EventCountry "GER"]
[SourceTitle "EXT 2003"]
[Source "ChessBase"]
[SourceDate "2002.11.25"]
[SourceVersion "1"]
[SourceVersionDate "2002.11.25"]
[SourceQuality "1"]
[WhiteTeam "Magdeburg Aufbau Elbe"]
[BlackTeam "Liebschwitz"]
[WhiteTeamCountry "GER"]
[BlackTeamCountry "GER"]

1. d4 d5 2. c4 c6 3. cxd5 cxd5 4. Nc3 e6 5. Bf4 Bd6 6. Bxd6 Qxd6 7. e3 Nf6 8. f4 0-0 9. Bd3 b6 10. Qe2 Bb7 11. Nf3 Ne4 12. 0-0 Nd7 13. Rfc1 Rac8 14. Bxe4 dxe4 15. Ne5 a6 16. Nxd7 Qxd7 17. Rc2 Rc7 18. Rac1 Rfc8 19. Nb1 Rxc2 20. Rxc2 h6 21. Rxc8+ Qxc8 22. Qd2 Qc4 23. b3 Qc6 24. Qc3 a5 25. Qxc6 Bxc6 26. a3 Kf8 27. Nc3 Ke7 28. b4 Kd6 29. Kf2 f6 30. g3 f5 31. Ke2 axb4 32. axb4 Bd5 33. Kd2 1/2-1/2

[Event "Oberliga Ost-A 0102"]
[Site "Germany"]
[Date "2002.02.02"]
[Round "6.7"]
[White "August, Christian"]
[Black "Zeidler, Andreas"]
[Result "1/2-1/2"]
[WhiteElo "2145"]
[BlackElo "2081"]
[PlyCount "40"]
[EventDate "2001.10.07"]
[EventType "team"]
[EventRounds "11"]
[EventCountry "GER"]
[SourceTitle "EXT 2003"]
[Source "ChessBase"]
[SourceDate "2002.11.25"]
[SourceVersion "1"]
[SourceVersionDate "2002.11.25"]
[SourceQuality "1"]
[WhiteTeam "Erfurt II"]
[BlackTeam "Liebschwitz"]
[WhiteTeamCountry "GER"]
[BlackTeamCountry "GER"]

1. e4 d5 2. exd5 Qxd5 3. Nc3 Qa5 4. d4 Nf6 5. Nf3 c6 6. h3 Bf5 7. Bd3 Bxd3 8. Qxd3 e6 9. Bd2 Nbd7 10. Ne4 Qc7 11. 0-0-0 0-0-0 12. Rhe1 Nxe4 13. Qxe4 Bd6 14. c4 Nf6 15. Qc2 c5 16. Bc3 cxd4 17. Bxd4 Bc5 18. Bxc5 Qxc5 19. Rxd8+ Rxd8 20. Rd1 Rxd1+ 1/2-1/2